Como estudiar y como aprender /

Guardado en:
Autor Principal: Mira Y López, Emilio
Formato: Libro
Publicado: Buenos Aires : Kapelusz, 1959
Edición:6a. ed.
Etiquetas: Agregar Etiqueta
Sin Etiquetas, Sea el primero en etiquetar este registro!
LEADER 00838nam a22002175a 4500
001 CEM.cems004430
005 20060216000000.0
008 130507s1959##################000#0#####d
003 CEMS
082 0 4 |a 001 
100 1 |a Mira Y López, Emilio 
245 1 0 |a Como estudiar y como aprender / 
250 |a 6a. ed. 
260 |a Buenos Aires :  |b Kapelusz,  |c 1959 
300 |a 104 p. 
505 0 |a Panorama de las aplicaciónes de la cibernetica; implicaciónes de caracter humano, economico y social. 
859 |a CEMS  |b BIB. CEMS - 11 de abril  |h 001  |i M67a6  |p 1997.74  |t Ej.1 
859 |a CEMS  |b BIB. CEMS - 11 de abril  |h 001  |i M67a6  |p 2531.74  |t Ej.2 
859 |a CEMS  |b BIB. CEMS - 11 de abril  |h 001  |i M67a6  |p 2532.74  |t Ej.3 
859 |a CEMS  |b BIB. CEMS - 11 de abril  |h 001  |i M67a6  |p 2533.74  |t Ej.4 
859 |a CEMS  |b BIB. CEMS - 11 de abril  |h 001  |i M67a6  |p 3875.75  |t Ej.5